Statistics for Name these famous Michael/Mike

Click here to take the quiz!

General Stats

  • This quiz has been taken 14 times
  • The average score is 8 of 15

Answer Stats

HintAnswer% Correct
American singer and dancer known as the "King of Pop"Michael Jackson
100%
American actor known for his role as shooting victim Oscar Grant in the drama Fruitvale StationMichael B Jordan
93%
American basketball player that won six NBA championships with the Chicago BullsMichael Jordan
93%
American former swimme who is the most successful and most decorated Olympian of all timeMichael Phelps
93%
Canadian and American actor who notably portrayed Marty McFly in the hit comedy Back to the FutureMichael J Fox
86%
American actor that is famous for his previous role as BatmanMichael Keaton
86%
American former professional boxer regarded as one of the greatest heavyweight boxers of all timeMike Tyson
79%
German race-car driver that has won 7 F1 series championshipsMichael Schumacher
71%
English retired actor that has won two Academy Awards and was in the title role of AlfieMichael Caine
64%
American film director and producer best known for the Transformers seriesMichael Benjamin Bay
14%
Canadian singer and songwriter who generally performs songs from the Great American SongbookMichael Bublé
14%
American producer of the 1975 Best Picture winner “One Flew Over the Cuckoo's Nest”Michael Douglas
14%
American businessman and politician that founded a company and was the mayor of New York City, previoiusly ranked as the seventh-richest person in the worldMichael Rubens Bloomberg
7%
Australian musician that is best known as the lead guitarist of the pop rock band 5 Seconds of SummerMichael Gordon Clifford
0%
American billionaire businessman and investo that is the founder, chairman, and CEO of a major techonology companyMichael S Dell
0%

Score Distribution

Percentile by Number Answered

Percent of People with Each Score

Your Score History

You have not taken this quiz